000 00534nam a22001937a 4500
999 _c18924
_d18924
008 210429b xxu||||| |||| 00| 0 eng d
020 _a0340900468
050 _aRM121
_b.T49 2008 c.1
245 _aA textbook of clinical pharmacology and therapeutics
_cRitter, James M. [et ... al.].
250 _a5th ed.
260 _aLondon
_bCRC press
_c2008
300 _a465p.
650 _aPharmacology
650 _aTherapeutics
700 _aLionel D Lewis
700 _aAlbert Ferro
700 _aTimothy GK Mant
942 _2lcc
_cBK